Ser como ellos y otros artículos / (Registro nro. 30294)

Detalles MARC
000 -LÍDER
campo de control de longitud fija 00789nam a22002297a 4500
003 - IDENTIFICADOR DE NÚMERO DE CONTROL
campo de control OSt
005 - FECHA Y HORA DE LA ÚLTIMA
campo de control 20240402210939.0
008 - ELEMENTOS DE DATOS DE LONGITUD FIJA - INFORMACIÓN GENERAL
campo de control de longitud fija 231026b |||||||| |||| 00| 0 eng d
020 ## - NÚMERO INTERNACIONAL NORMALIZADO DEL LIBRO
Número de libro estándar internacional 9789586015929
037 ## - FUENTE DE ADQUISICIÓN
Materials specified Donación
040 ## - FUENTE DE CATALOGACIÓN
Agencia de catalogación original CO-JMCR
Agencia de transcripción CO-JMCR
Agencia modificadora CO-JMCR
Convenciones de descripción rda
082 ## - NÚMERO DE CLASIFICACIÓN DECIMAL DEWEY
Número de clasificación A-N
Número de artículo GALs
100 ## - ENTRADA PRINCIPAL - NOMBRE PERSONAL
Término relativo autor
Nombre personal Galeano, Eduardo
9 (RLIN) 10313
245 ## - DECLARACIÓN DEL TÍTULO
Título Ser como ellos y otros artículos /
Declaración de responsabilidad, etc. Eduardo Galeano
260 ## - PUBLICACIÓN, DISTRIBUCIÓN, ETC.
Lugar de publicación, distribución, etc. Colombia
Nombre del editor, distribuidor, etc. TM editores
Fecha de publicación, distribución, etc. 1996
300 ## - DESCRIPCIÓN FÍSICA
Medida 129 páginas
Dimensiones 21 cm
500 ## - NOTA GENERAL
Nota general Incluye datos biográficos del autor
505 ## - NOTA DE CONTENIDO FORMATEADO
Nota de contenido formateada Apuntes sobre la memoria y sobre el fuego, pág 3 -- Cinco siglos de prohibicion del arcoiris en el cielo americano, pág 17
650 ## - ENTRADA AÑADIDA DE ASUNTO - TÉRMINO TEMÁTICO
Fuente del encabezado o término JMCR
-- Literatura Uruguaya
9 (RLIN) 13601
650 ## - ENTRADA AÑADIDA DE ASUNTO - TÉRMINO TEMÁTICO
Fuente del encabezado o término Ensayos Uruguayos
9 (RLIN) 43549
942 ## - ELEMENTOS DE ENTRADA AÑADIDOS (KOHA)
Source of classification or shelving scheme Dewey Decimal Classification
Tipo de artículo Koha Books
999 ## -
-- 30294
-- 16678
Existencias
Estado retirado